Bezirke der Steiermark mit Karte - Statistiken

Allgemein
  • Dieses Quiz wurde 56 mal gespielt
  • Das Durchschnittsergebnis liegt bei 11 aus 14
Antworten auf der Karte
Die Antworten werden auf der Karte rot bzw. grün angezeigt, abhängig davon wie oft sie richtig erraten wurden.
 
Antwortstatistiken
Bezirk % Korrekt
Graz
100%
Graz-Umgebung
100%
Leoben
88%
Liezen
88%
Bruck-Mürzzuschlag
79%
Deutschlandsberg
79%
Murau
76%
Südoststeiermark
76%
Hartberg-Fürstenfeld
73%
Leibnitz
73%
Murtal
73%
Weiz
73%
Voitsberg
67%
Expositur Gröbming
58%
Keine übereinstimmenden Quizze gefunden
Verteilung der Resultate
Anzahl Personen mit jedem Resultat
Perzentil nach korrekt beantworteten Fragen
Ihre Resultats-Entwicklung
Sie haben dieses Quiz noch nicht gespielt